Building Code Requirements for Structural Concrete (ACI 318-14) (Record no. 532607)

000 -LEADER
fixed length control field 00531 a2200169 4500
003 - CONTROL NUMBER IDENTIFIER
control field NUST
005 - DATE AND TIME OF LATEST TRANSACTION
control field 20191126152438.0
008 - FIXED-LENGTH DATA ELEMENTS--GENERAL INFORMATION
fixed length control field 191126b ||||| |||| 00| 0 eng d
038 ## - RECORD CONTENT LICENSOR
Staff Name MSOHAIL
082 ## - DEWEY DECIMAL CLASSIFICATION NUMBER
Classification number 343.07869 ACI
100 ## - MAIN ENTRY--PERSONAL NAME
Personal name ACI
9 (RLIN) 26232
245 ## - TITLE STATEMENT
Title Building Code Requirements for Structural Concrete (ACI 318-14)
Statement of responsibility, etc. American Concrete Institute,
260 ## - PUBLICATION, DISTRIBUTION, ETC.
Place of publication, distribution, etc. America :
Name of publisher, distributor, etc. American Concrete Institute,
Date of publication, distribution, etc. 2014
300 ## - PHYSICAL DESCRIPTION
Extent p;519
Other physical details ill. ;
Dimensions 28 cm
650 ## - SUBJECT ADDED ENTRY--TOPICAL TERM
Topical term or geographic name entry element Building Codes -- Structural Concrete
9 (RLIN) 26233
942 ## - ADDED ENTRY ELEMENTS (KOHA)
Source of classification or shelving scheme
Koha item type Book
Holdings
Withdrawn status Lost status Source of classification or shelving scheme Damaged status Not for loan Permanent Location Current Location Date acquired Total Checkouts Full call number Barcode Date last seen Price effective from Koha item type
          School of Civil and Environmental Engineering (SCEE) School of Civil and Environmental Engineering (SCEE) 11/26/2019   693.5021873 ACI NIT-12460 11/26/2019 11/26/2019 Book
© 2023 Central Library, National University of Sciences and Technology. All Rights Reserved.